| 000 -LEADER |
| fixed length control field |
00523nam a22001577a 4500 |
| 005 - DATE AND TIME OF LATEST TRANSACTION |
| control field |
20231013111215.0 |
| 008 - FIXED-LENGTH DATA ELEMENTS--GENERAL INFORMATION |
| fixed length control field |
220528b ||||| |||| 00| 0 eng d |
| 040 ## - CATALOGING SOURCE |
| Transcribing agency |
SSBUL |
| 082 ## - DEWEY DECIMAL CLASSIFICATION NUMBER |
| Edition number |
23 |
| Classification number |
025.04 |
| 110 2# - MAIN ENTRY--CORPORATE NAME |
| Corporate name or jurisdiction name as entry element |
Indira Gandhi National Open University. |
| 9 (RLIN) |
5921 |
| 245 ## - TITLE STATEMENT |
| Title |
ICT in libraries BLI-220 / |
| Statement of responsibility, etc. |
School of Social science, Indira Gandhi National Open University. |
| 260 ## - PUBLICATION, DISTRIBUTION, ETC. |
| Place of publication, distribution, etc. |
New Delhi : |
| Name of publisher, distributor, etc. |
IGNOU , |
| Date of publication, distribution, etc. |
[2013]. |
| 300 ## - PHYSICAL DESCRIPTION |
| Extent |
252 pages : |
| Other physical details |
illustrations ; |
| Dimensions |
30 cm. |
| 650 ## - SUBJECT ADDED ENTRY--TOPICAL TERM |
| Topical term or geographic name entry element |
Libraries |
| General subdivision |
Automation |
| 9 (RLIN) |
5922 |
| 942 ## - ADDED ENTRY ELEMENTS (KOHA) |
| Source of classification or shelving scheme |
|
| Koha item type |
Books (Long term) |